00705nam a22002777a 450000500170000000800410001702000180005804100080007608200180008410000220010224500860012426000140021026000130022426000090023730000190024665000170026565000280028265000120031065000120032265000180033465000110035265000090036365000260037265000160039865000130041420231122123931.0160329b2011 xxu||||| |||| 00| 0 spa d a9789502413242 aESP a631.585 A473h aÁlvarez, Martha aHidroponía: una guía para el cultivo en agua de frutas, hortalizas y plantas  aArgentina bAlbatros c2011 a112 páginas  aHIDROPONÍA aSISTEMAS HIDROPÓNICOS aSIEMBRA aCULTIVO aENFERMEDADES  aPLAGAS aAGUA aSOLUCIONES NUTRITIVAS aNUTRICIÓN aSUSTRATO